សេដ្ឋកិច្ចអភិវឌ្ឍន៍ជនបទ (Record no. 9698)

000 -LEADER
fixed length control field 00320nam a22001217a 4500
040 ## - CATALOGING SOURCE
Transcribing agency HS
082 ## - DEWEY DECIMAL CLASSIFICATION NUMBER
Classification number 338
100 ## - MAIN ENTRY--AUTHOR NAME
Personal name បូរ៉ា ធីកា
245 ## - TITLE STATEMENT
Title សេដ្ឋកិច្ចអភិវឌ្ឍន៍ជនបទ
260 ## - PUBLICATION, DISTRIBUTION, ETC. (IMPRINT)
Place of publication RUA
Name of publisher បូរ៉ា ធីកា
Year of publication 2011
300 ## - PHYSICAL DESCRIPTION
Number of Pages 111p;
942 ## - ADDED ENTRY ELEMENTS (KOHA)
Koha item type សៀវភៅភាសាខ្មែរ
952 ## - LOCATION AND ITEM INFORMATION (KOHA)
Withdrawn status [LOCAL, KOHA] 0
952 ## - LOCATION AND ITEM INFORMATION (KOHA)
Withdrawn status [LOCAL, KOHA] 0
Holdings
Permanent Location Date acquired Koha item type Lost status Shelving location Barcode Current Location Full call number
Library Block C2016-09-07សៀវភៅភាសាខ្មែរ C069A00335Library Block C338 បូរ៉ា 2011 C069
Library Block C2016-09-15សៀវភៅភាសាខ្មែរ C073RUA045267Library Block C338 បូរ៉ា 2005 C073
មជ្ឈមណ្ឌលឯការនៃសាកលវិទ្យាល័យភូមិន្ទកសិកម្មចំការដូង

Powered by Koha